Odtwórcy roli Batmana - Statystyki

Ogólne statystyki
  • Ten quiz został rozwiązany 163 razy
  • Średni wynik to 5 z 9
Statystyki odpowiedzi
Film Wiek Aktor % Poprawnych
Mroczny Rycerz 46 Christian Bale
94%
Batman v Superman: Świt sprawiedliwości 48 Ben Affleck
85%
Batman/Powrót Batmana 69 Michael Keaton
74%
Batman i Robin 59 George Clooney
66%
Batman zbawia świat *nie żyje* Adam West
54%
Batman Forever 61 Val Kilmer
52%
Batman: Zabójczy żart 65 Kevin Conroy
34%
LEGO BATMAN FILM 50 Will Arnett
15%
Mroczny rycerz - powrót 73 Peter Weller
8%
Nie znaleziono quizów pasujących do podanych kryteriów
Rozkład punktacji
Procent ludzi z każdym wynikiem
Percentyl według liczby udzielonych odpowiedzi
Twoja historia wyników
Nie rozwiązałeś tego quizu